00571 2200181 4500001002100000005001500021035002500036090001400061245010300075260004900178300002900227008004100256082000800297084001400305650003400319990001800353990001800371YOGYA00000000003349920180605111747 a0010-081400000033217 aL 320 Ver aVerzameling Reglemen en Keuren van Politiie :bWelke in het Gewest Djogjakarta Nog van Kracht Zijn aDjogjakarta :bDrukkerij "Bob" Djokja,c1925 a223 hlm :bilus ;c24 cm180605 g 0 dut  a230 aL 230 VER aIlmu Politik dan Pemerintahan a38828-PD/A.08 a38830-PD/A.08